A geografia na sala de aula
Wedi'i Gadw mewn:
| Prif Awdur: | |
|---|---|
| Fformat: | Llyfr |
| Iaith: | Portiwgaleg |
| Cyhoeddwyd: |
Sao Paulo
Contexto
2018
|
| Rhifyn: | 9a. ed |
| Pynciau: | |
| Tagiau: |
Ychwanegu Tag
Dim Tagiau, Byddwch y cyntaf i dagio'r cofnod hwn!
|
MARC
| LEADER | 00000cam a2200000 a 4500 | ||
|---|---|---|---|
| 001 | UCC4882 | ||
| 003 | CL-VaPUC | ||
| 008 | 180831e20180000bl |||||||||||||||||por|d | ||
| 020 | |a 9788572441087 | ||
| 082 | 0 | 4 | |a 910.7 |b CAR |2 21 |
| 100 | 0 | |a Carlos, Ana Fani Alessandri |e author |9 599089 | |
| 245 | 1 | 2 | |a A geografia na sala de aula |
| 250 | |a 9a. ed | ||
| 300 | |a 144 p | ||
| 942 | |c BK | ||
| 945 | |d 20180831 12:04:00 |a dcastane | ||
| 260 | |a Sao Paulo |b Contexto |c 2018 | ||
| 650 | 0 | |a Enseñanza de la geografía |9 310005 | |
| 650 | 0 | |a Filosofía de las ciencias |9 256466 | |
| 650 | 0 | |a Estudio y enseñanza |9 270395 | |
| 583 | |a last modification |c 20190722 02:11:20 |k Rodrigo Vera | ||
| 999 | |c 372267 |d 372265 | ||
| 952 | |0 0 |1 0 |3 erb |4 0 |6 910_700000000000000_CAR_2018 |7 0 |8 A |9 489610 |a BIBING |b BIBING |i 5494214 |o 910.7 CAR 2018 |p 5494214 |r 2025-01-20 |w 2019-11-24 |y BK |z Catalogado en:20180831 |k GEO | ||